000 005110000a22001810004500
020 _a0-87680-793-7
041 0 _aENG
082 0 4 _aG 261.83 P448q
100 1 _aPerkins, John M. (1930-)
245 1 0 _aA quiet revolution : The christian response to human need... a strategy for today / John Perkins
260 _aWaco, TX., USA : Word
300 _a226 Pag
001 6998
942 _cBK
999 _c37238
_d37238
336 _atexto
_btxt
_2rdacontent
337 _2rdamedia
_asin mediación
_bn
338 _2rdacarrier
_avolumen
_bnc